[Event "30th ch-BAN"]
[Site "Dhaka BAN"]
[Date "2004.04.05"]
[Round "9"]
[White "Hossain,P"]
[Black "Mohammad,J"]
[Result "0-1"]
[WhiteElo "2258"]
[BlackElo "2150"]
[EventDate "2004.03.28"]

1. e4 c5 2. Nf3 e6 3. d3 d5 4. Nbd2 Nf6 5. g3 Be7 6. Bg2 Nc6 7. O-O O-O 8.
e5 Nd7 9. Qe2 Qc7 10. Re1 b5 11. h4 f6 12. exf6 Nxf6 13. Nf1 Ng4 14. Ng5
Bxg5 15. Qxg4 Bf6 16. Nh2 Qf7 17. Qe2 Nd4 18. Qd2 Qg6 19. c3 Nc6 20. Nf3
Bd7 21. Qe2 b4 22. c4 Rae8 23. Be3 d4 24. Bg5 e5 25. Bxf6 gxf6 26. Nd2 f5
27. Bd5+ Kh8 28. Nf3 e4 29. dxe4 fxe4 30. Bxe4 Rxe4 31. Qxe4 Qxe4 32. Rxe4
Rxf3 33. g4 b3 34. Kg2 Rd3 35. h5 h6 36. axb3 Rxb3 37. Rd1 Rxb2 38. Rf4 d3
39. Rf6 d2 40. Rxh6+ Kg7 41. Rg6+ Kf7 42. Ra1 Be6 43. Kg3 Rc2 44. Rd1 Nd4
45. Kf4 Nb3 46. Ke5 Bxc4 47. Rc6 Rc1 48. Rc7+ Ke8 49. Rxd2 Nxd2 50. h6 Re1+
51. Kf4 Re4+ 52. Kg3 Be6 53. f4 Nf1+ 54. Kf3 Nd2+ 55. Kg3 Re3+ 56. Kf2 Rh3
57. g5 Ne4+ 58. Kg2 Rg3+ 59. Kh2 Rh3+ 60. Kg2 Bf5 61. Rxa7 Kf8 62. Ra8+ Kf7
63. Ra7+ Ke6 64. Ra6+ Kd5 65. Ra8 Rh4 66. Kf3 Rh3+ 67. Kg2 Rg3+ 68. Kh2 Rf3
69. Rf8 Rf2+ 70. Kg1 Rxf4 71. Rd8+ Nd6 72. g6 Bxg6 73. Rg8 Bd3 74. Rg3 Bf5
75. Kg2 Rg4 0-1

[Event "30th ch-BAN"]
[Site "Dhaka BAN"]
[Date "2004.04.06"]
[Round "10"]
[White "Reefat,S"]
[Black "Mohammad,J"]
[Result "1-0"]
[WhiteElo "2459"]
[BlackElo "2150"]
[EventDate "2004.03.28"]

1. e4 c5 2. Nf3 e6 3. d4 cxd4 4. Nxd4 Nf6 5. Nc3 a6 6. e5 Ng8 7. Bf4 Bb4 8.
Qg4 g6 9. Qg3 Qc7 10. O-O-O Bxc3 11. bxc3 Ne7 12. Bg5 Nbc6 13. Bf6 Rg8 14.
Nf3 b5 15. Ng5 Nf5 16. Qh3 h5 17. f4 Qa5 18. Bd3 b4 19. Bxf5 bxc3 20. Rd3
Qa3+ 21. Kd1 exf5 22. Rxc3 Qxa2 23. Qd3 Qb1+ 24. Ke2 Qxh1 25. Qd5 Rf8 26.
Rxc6 Bb7 27. Ne6 Rh8 28. Ng5 Rf8 29. e6 Qxg2+ 30. Qxg2 Bxc6 31. Qg1 fxe6
32. Nh7 Rxf6 33. Nxf6+ Kf7 34. Nh7 a5 35. Ng5+ Ke8 36. Qd4 a4 37. Qf6 Bd5
38. Nh7 d6 39. Qf8+ Kd7 40. Nf6+ 1-0

[Event "30th ch-BAN"]
[Site "Dhaka BAN"]
[Date "2004.04.06"]
[Round "10"]
[White "Chatterjee,D"]
[Black "Hossain,P"]
[Result "0-1"]
[WhiteElo "2175"]
[BlackElo "2258"]
[EventDate "2004.03.28"]

1. d4 f5 2. c4 Nf6 3. g3 g6 4. Bg2 Bg7 5. Nh3 O-O 6. O-O d6 7. Nd2 Nc6 8.
Nf3 e5 9. d5 Na5 10. b3 Ne4 11. Qe1 b6 12. Nd2 Nxd2 13. Qxd2 Nb7 14. Bb2
Nc5 15. f4 Qe7 16. e3 Bd7 17. Nf2 Rae8 18. Rae1 e4 19. Bd4 Bxd4 20. Qxd4
Qg7 21. Rd1 a5 22. Rfe1 Rb8 23. Bf1 b5 24. Qd2 bxc4 25. Bxc4 Rb4 26. a3
Rbb8 27. Qxa5 Rfc8 28. Rb1 Ra8 29. Qd2 Rxa3 30. Qb2 Qxb2 31. Rxb2 Rb8 32.
Rc1 Bb5 33. Bxb5 Rxb5 34. Rbb1 Rbxb3 35. Rxb3 Rxb3 36. Nd1 Kf8 37. Kf1 Rd3
38. Ke2 Rxd5 39. Nc3 Rd3 40. Nb5 Rb3 41. Nxc7 Rb2+ 42. Kf1 Rxh2 43. Rc4 Rd2
44. Rb4 Rf2+ 45. Kg1 Rf3 46. Rb8+ Kf7 47. Nd5 Ke6 48. Nc7+ Kd7 49. Nd5 Kc6
50. Ne7+ Kc7 51. Rh8 Kd7 52. Rxh7 Ke6 53. Kg2 Rxe3 54. Nxg6 Rb3 55. Nh4
Rb2+ 56. Kf1 e3 57. Nf3 Rf2+ 0-1

[Event "30th ch-BAN"]
[Site "Dhaka BAN"]
[Date "2004.04.06"]
[Round "10"]
[White "Uddin,S"]
[Black "Abdulla,AlR"]
[Result "1/2-1/2"]
[WhiteElo "2254"]
[BlackElo "2417"]
[EventDate "2004.03.28"]

1. e4 e5 2. Nf3 Nc6 3. Bb5 Nge7 4. c4 g6 5. d4 exd4 6. Nxd4 Bg7 7. Be3 O-O
8. Nc3 d6 9. Bxc6 bxc6 10. O-O Rb8 11. b3 c5 12. Nde2 f5 13. Rc1 fxe4 14.
Nxe4 Nf5 15. Bg5 Qd7 16. Qd2 h6 17. Bf4 g5 18. Bg3 Qf7 19. N2c3 Bb7 20. Nd5
Rbe8 21. Nec3 Bd4 22. Nb5 c6 23. Nxd4 cxd4 24. Nb4 c5 25. Nd3 Qd7 26. Rfe1
Qc6 27. f3 Ne3 28. h3 Nxg2 29. Qxg2 Rxf3 30. Rxe8+ Qxe8 31. Re1 Qf7 32. Nf2
Re3 33. Ng4 Bxg2 34. Nxh6+ Kg7 35. Nxf7 Rxg3 36. Kh2 Rc3 37. Nxg5 Kg6 38.
h4 Bf3 39. Re6+ Kh5 40. Nxf3 Rxf3 41. Kg2 Rc3 42. Rxd6 Kxh4 43. Rg6 a5 44.
Kf2 Rc2+ 45. Kf3 Rxa2 46. Rc6 Rb2 47. Rxc5 a4 48. Ke4 Rxb3 49. Kxd4 Kg4 50.
Ra5 a3 51. c5 Kf5 52. c6+ Ke6 1/2-1/2

[Event "30th ch-BAN"]
[Site "Dhaka BAN"]
[Date "2004.04.06"]
[Round "10"]
[White "Murshed,N"]
[Black "Rahman,Zia"]
[Result "0-1"]
[WhiteElo "2436"]
[BlackElo "2492"]
[EventDate "2004.03.28"]

1. d4 d6 2. e4 g6 3. Nf3 Bg7 4. Bc4 Nf6 5. Qe2 O-O 6. O-O Bg4 7. h3 Bxf3 8.
Qxf3 Nc6 9. c3 e5 10. d5 Ne7 11. Bd3 Nd7 12. Qe2 f5 13. f3 f4 14. c4 h5 15.
Nc3 g5 16. Nd1 Rf6 17. Bd2 Rg6 18. Nf2 a5 19. Qd1 Kh7 20. b3 Ng8 21. Be2
Nh6 22. Rc1 Qe7 23. a3 Bf6 24. b4 b6 25. Qa4 Rag8 26. c5 dxc5 27. bxa5 g4
28. fxg4 Bh4 29. a6 hxg4 30. Nxg4 Nf6 31. a7 Nhxg4 32. hxg4 Ra8 33. Rc3 Kg7
34. Rh3 Nxg4 35. Bxf4 exf4 36. Rxf4 Bf2+ 37. Kh1 Nf6 38. Rxf2 Nxe4 39. Rff3
c6 40. dxc6 Rxa7 41. Qc2 Qe5 42. Bd3 Rxa3 43. Rf1 Ra1 44. c7 Rxf1+ 45. Bxf1
Rf6 46. Bd3 Qxc7 47. Qc1 Nf2+ 0-1

[Event "30th ch-BAN"]
[Site "Dhaka BAN"]
[Date "2004.04.06"]
[Round "10"]
[White "Abdul,Mal"]
[Black "Ahmed,SN"]
[Result "0-1"]
[WhiteElo "2250"]
[BlackElo "2280"]
[EventDate "2004.03.28"]

1. Nf3 Nf6 2. c4 e6 3. Nc3 Bb4 4. Qc2 b6 5. g3 Bb7 6. Bg2 O-O 7. O-O d5 8.
cxd5 exd5 9. d4 Nbd7 10. Bf4 c6 11. Rfd1 Re8 12. Rac1 Nf8 13. e3 Nh5 14.
Ne2 Ne6 15. Ne5 Nhxf4 16. gxf4 Rc8 17. Qa4 a5 18. Ng3 Bf8 19. Bh3 c5 20.
Qd7 Qxd7 21. Nxd7 cxd4 22. Nxf8 Rxc1 23. Rxc1 Kxf8 24. Bxe6 Rxe6 25. exd4
Rc6 26. Rxc6 Bxc6 27. Kg2 Ke7 28. Kf3 Bd7 29. f5 Kf6 30. Kf4 Bxf5 31. Nh5+
Kg6 32. Ng3 Bh3 33. Ke5 Bg2 34. h4 Bf3 35. Nf5 f6+ 36. Kf4 Be4 37. Ne7+ Kf7
38. Nc8 Bb1 39. a3 Ke6 40. Nxb6 Bc2 41. Ke3 Bb3 42. Kd3 Kd6 43. Kc3 Kc7 44.
Na8+ Kb7 45. Kxb3 Kxa8 46. f4 Kb7 47. Kc3 Kb6 48. b3 a4 49. b4 g6 50. Kd3
Kb5 51. Kc3 h6 52. Kd3 g5 53. fxg5 fxg5 54. h5 Kb6 55. Ke3 Kc6 56. Ke2 Kb5
57. Kd3 g4 58. Ke3 Kc4 59. Kf4 Kxd4 60. Kxg4 Ke3 61. b5 d4 62. b6 d3 63. b7
d2 64. b8=Q d1=Q+ 65. Kh4 Qh1+ 66. Kg3 Qf3+ 67. Kh4 Qf4+ 68. Qxf4+ Kxf4 69.
Kh3 Kg5 70. Kg3 Kxh5 71. Kf4 Kg6 72. Kg4 Kf6 0-1

[Event "30th ch-BAN"]
[Site "Dhaka BAN"]
[Date "2004.04.06"]
[Round "10"]
[White "Hossain,Enam"]
[Black "Alam,MdM"]
[Result "1-0"]
[WhiteElo "2446"]
[BlackElo "2182"]
[EventDate "2004.03.28"]

1. e4 e6 2. d4 d5 3. Nc3 Bb4 4. Nge2 dxe4 5. a3 Bxc3+ 6. Nxc3 Nc6 7. Bb5
Bd7 8. Nxe4 a6 9. Be2 h6 10. O-O Nce7 11. Nc5 Bc6 12. Bf3 b6 13. Ne4 Qd7
14. Ng3 Nf6 15. c3 O-O 16. Re1 Ng6 17. Be2 Qd6 18. Bf1 Rfe8 19. Nh5 Nxh5
20. Qxh5 b5 21. Qg4 e5 22. Be3 e4 23. g3 Bd5 24. a4 c6 25. axb5 axb5 26.
Bg2 Qe7 27. h4 Rxa1 28. Rxa1 Qe6 29. Qxe6 Rxe6 30. Ra8+ Kh7 31. Bh3 Rf6 32.
Re8 h5 33. Kf1 Be6 34. Bg2 Bd7 35. Rxe4 Nf8 36. Re7 Kg8 37. Ke1 Re6 38.
Rxe6 Nxe6 39. d5 cxd5 40. Bxd5 Kf8 41. Kd2 Ke7 42. b3 Kd6 43. Bf3 g6 44.
Be2 Bc6 45. Kc2 Ng7 46. b4 Nf5 47. Bc5+ Ke5 48. c4 bxc4 49. Bxc4 f6 50. Bf7
Be4+ 51. Kc3 Ng7 52. Bd4+ Kf5 53. b5 Ne6 54. Be3 Nd8 55. Be8 Ke6 56. Kd4
Bf5 57. b6 Ke7 58. Bb5 Bc8 59. Bd3 Nc6+ 60. Kc5 Ne5 61. Be4 Ba6 62. b7 Nd7+
63. Kc6 Kd8 64. Kd6 1-0

[Event "30th ch-BAN"]
[Site "Dhaka BAN"]
[Date "2004.04.08"]
[Round "11"]
[White "Alam,MdM"]
[Black "Reefat,S"]
[Result "0-1"]
[WhiteElo "2182"]
[BlackElo "2459"]
[EventDate "2004.03.28"]

1. d4 d5 2. c4 e6 3. Nc3 c6 4. e3 f5 5. Nf3 Nf6 6. Qc2 Be7 7. b3 O-O 8. Bd3
Ne4 9. Bb2 Nd7 10. O-O Qe8 11. Ne2 Qh5 12. Ne5 Nxe5 13. dxe5 Bd7 14. f3 Nc5
15. Ng3 Qe8 16. Be2 a5 17. Rad1 b5 18. Bd4 dxc4 19. bxc4 b4 20. f4 Qf7 21.
Bf3 Rab8 22. Kh1 Rfd8 23. e4 b3 24. axb3 Nxb3 25. Bc3 g6 26. Qa2 Nc5 27.
Bd4 Ra8 28. Qf2 Qf8 29. Qe3 Be8 30. Bc3 a4 31. exf5 gxf5 32. Ne2 Nb3 33.
Rxd8 Rxd8 34. Qa7 a3 35. Qa4 Nd2 36. Bxd2 Rxd2 37. Nc1 Qh6 38. Nb3 Rb2 39.
c5 a2 40. Kg1 Qf8 41. Qc4 Rb1 42. Na1 Bxc5+ 43. Kh1 Bd4 44. Rd1 Qb4 45.
Qxe6+ Bf7 46. Qc8+ Kg7 47. h4 Rxd1+ 48. Bxd1 Qe1+ 49. Kh2 Qxh4+ 0-1

[Event "30th ch-BAN"]
[Site "Dhaka BAN"]
[Date "2004.04.08"]
[Round "11"]
[White "Rahman,Zia"]
[Black "Abdul,Mal"]
[Result "1-0"]
[WhiteElo "2492"]
[BlackElo "2250"]
[EventDate "2004.03.28"]

1. Nf3 d5 2. d4 Nf6 3. c4 c6 4. e3 e6 5. Bd3 Nbd7 6. O-O Bd6 7. Nc3 O-O 8.
e4 dxc4 9. Bxc4 e5 10. h3 h6 11. Be3 b5 12. Bb3 Bb7 13. Qc2 a6 14. Rad1 Qc7
15. dxe5 Nxe5 16. Nd4 Ng6 17. Nf5 Be5 18. Qc1 Bf4 19. Bxf4 Nxf4 20. Rd6
Nxe4 21. Qxf4 Nxd6 22. Qxd6 Qxd6 23. Nxd6 Ra7 24. Nce4 Ba8 25. Rc1 Kh7 26.
Nc5 a5 27. Re1 a4 28. Bc2+ g6 29. Ne8 Ra5 30. Nd7 Rxe8 31. Rxe8 b4 32. Rb8
c5 33. Bd3 Bc6 34. Ne5 Bd5 35. Bc4 Bxc4 36. Nxc4 Ra7 37. Rc8 Rd7 38. Rxc5
Rd1+ 39. Kh2 Ra1 40. a3 bxa3 41. Nxa3 Ra2 42. Rb5 h5 43. g4 hxg4 44. hxg4
Kh6 45. Kg3 g5 46. Rb6+ Kg7 47. Kf3 f6 48. Ke4 Kg6 49. Nc2 a3 50. Nxa3 Ra1
51. Nc2 Rf1 52. Kf3 Rh1 53. Ne3 Rh3+ 54. Kg2 Rh7 55. Nd5 Rf7 56. b4 1-0

[Event "30th ch-BAN"]
[Site "Dhaka BAN"]
[Date "2004.04.08"]
[Round "11"]
[White "Abdulla,AlR"]
[Black "Murshed,N"]
[Result "1-0"]
[WhiteElo "2417"]
[BlackElo "2436"]
[EventDate "2004.03.28"]

1. d4 Nf6 2. Nf3 e6 3. c4 b6 4. Nc3 Bb4 5. Qb3 c5 6. Bg5 Bb7 7. e3 h6 8.
Bh4 g5 9. Bg3 Ne4 10. Bd3 Bxc3+ 11. bxc3 Nxg3 12. hxg3 Bxf3 13. gxf3 Nc6
14. Ke2 Rc8 15. Rad1 Na5 16. Qa4 Qf6 17. Be4 cxd4 18. Rxd4 O-O 19. f4 d6
20. Bb1 Rfd8 21. Qc2 Kf8 22. Qh7 e5 23. Rxh6 Qg7 24. Qxg7+ Kxg7 25. Rh7+
Kg8 26. fxe5 dxe5 27. Rg4 f6 28. Rxa7 Kf8 29. Bg6 Rd6 30. f4 Nxc4 31. fxg5
Rd2+ 32. Kf3 Rb2 33. Rh4 1-0

[Event "30th ch-BAN"]
[Site "Dhaka BAN"]
[Date "2004.04.08"]
[Round "11"]
[White "Mohammad,J"]
[Black "Chatterjee,D"]
[Result "0-1"]
[WhiteElo "2150"]
[BlackElo "2175"]
[EventDate "2004.03.28"]

1. e4 c5 2. Nf3 d6 3. c3 Nf6 4. Be2 Bd7 5. e5 dxe5 6. Nxe5 Nc6 7. Nxd7 Qxd7
8. O-O g6 9. Bb5 a6 10. Bxc6 Qxc6 11. Re1 Bg7 12. Qe2 O-O 13. d3 e5 14. Nd2
Rfe8 15. Ne4 Nd5 16. Be3 b6 17. c4 Nc7 18. Nc3 Rad8 19. a4 f5 20. a5 b5 21.
cxb5 axb5 22. b4 e4 23. Rac1 exd3 24. Qd2 c4 25. Bb6 Rc8 26. Rxe8+ Rxe8 27.
Bxc7 Bxc3 28. Qxc3 Qxc7 29. a6 Qa7 30. Re1 Rxe1+ 31. Qxe1 Kf7 32. h3 Qxa6
33. Qe5 Qc6 34. Qh8 Qf6 35. Qc8 Qd6 36. Qb7+ Kf6 37. Qxh7 d2 38. Qh4+ Kg7
0-1

[Event "30th ch-BAN"]
[Site "Dhaka BAN"]
[Date "2004.04.09"]
[Round "12"]
[White "Murshed,N"]
[Black "Hossain,P"]
[Result "1-0"]
[WhiteElo "2436"]
[BlackElo "2258"]
[EventDate "2004.03.28"]

1. d4 f5 2. Nf3 Nf6 3. g3 g6 4. Bg2 Bg7 5. O-O O-O 6. c3 d6 7. Nbd2 Nc6 8.
b4 Qe8 9. Qb3+ Kh8 10. d5 Nd8 11. Bb2 e5 12. dxe6 Bxe6 13. c4 Rb8 14. Qc2
Qd7 15. Rfd1 Re8 16. e3 Bg8 17. Rac1 Qe7 18. a3 Nc6 19. c5 Ne5 20. cxd6
cxd6 21. Nxe5 dxe5 22. Qc5 b6 23. Qxe7 Rxe7 24. Nf3 Ne8 25. Bf1 Bb3 26. Rd2
Bg8 27. h4 e4 28. Nd4 Rd8 29. Rdc2 Bd5 30. Rc8 Rxc8 31. Rxc8 Kg8 32. Rd8
Bxd4 33. Bxd4 Kf8 34. b5 Bb7 35. Bc3 Rc7 36. Bb4+ Kg7 37. Rxe8 1-0

[Event "30th ch-BAN"]
[Site "Dhaka BAN"]
[Date "2004.04.09"]
[Round "12"]
[White "Hasan,M"]
[Black "Rahman,Zia"]
[Result "0-1"]
[WhiteElo "2224"]
[BlackElo "2492"]
[EventDate "2004.03.28"]

1. e4 g6 2. d4 Bg7 3. Nc3 c6 4. Bc4 d6 5. Qf3 e6 6. Nge2 Nd7 7. Bb3 Ngf6 8.
Bg5 Qa5 9. Bd2 Qc7 10. g4 b5 11. Nf4 e5 12. g5 exf4 13. gxf6 Nxf6 14. Bxf4
Nh5 15. Bxd6 Qxd6 16. Qxf7+ Kd8 17. e5 Qf8 18. O-O-O Qxf7 19. Bxf7 Ke7 20.
Bb3 Bg4 21. Rd3 Nf4 22. Rg3 Ne2+ 23. Nxe2 Bxe2 24. Re1 Bh5 25. c4 Bh6+ 26.
Kc2 bxc4 27. Bxc4 Rhf8 28. Rb3 Rab8 29. Rxb8 Rxb8 30. Be2 Bxe2 31. Rxe2 Rd8
32. Kc3 Ke6 33. Kc4 Bf4 34. Re4 g5 35. Kc5 Kf5 36. Re1 Rd5+ 37. Kxc6 Rxd4
38. e6 Rd6+ 39. Kb7 Rxe6 0-1

[Event "30th ch-BAN"]
[Site "Dhaka BAN"]
[Date "2004.04.09"]
[Round "12"]
[White "Hossain,Enam"]
[Black "Ahmed,SN"]
[Result "1-0"]
[WhiteElo "2446"]
[BlackElo "2280"]
[EventDate "2004.03.28"]

1. e4 c5 2. Nf3 d6 3. d4 cxd4 4. Qxd4 a6 5. c4 Nc6 6. Qd2 Nf6 7. Nc3 e6 8.
Be2 Be7 9. O-O O-O 10. b3 Qc7 11. Bb2 b6 12. h3 Bb7 13. Qe3 Rfd8 14. Rac1
Rac8 15. Nd5 exd5 16. cxd5 Qd7 17. dxc6 Rxc6 18. Nd4 Rxc1 19. Rxc1 g6 20.
Nf5 gxf5 21. Qg5+ Kf8 22. Bxf6 Bxf6 23. Qxf6 Bxe4 24. Bxa6 Ra8 25. Bc8 Qe8
26. Qh8+ 1-0

[Event "30th ch-BAN"]
[Site "Dhaka BAN"]
[Date "2004.04.09"]
[Round "12"]
[White "Alam,MdM"]
[Black "Islam,AP"]
[Result "0-1"]
[WhiteElo "2182"]
[BlackElo "2149"]
[EventDate "2004.03.28"]

1. d4 d6 2. c4 Nf6 3. Nc3 Nbd7 4. e4 e5 5. d5 Nc5 6. f3 a5 7. Be3 Bd7 8.
Nge2 c6 9. Nc1 cxd5 10. cxd5 a4 11. Nd3 Nxd3+ 12. Bxd3 Qa5 13. Qd2 Be7 14.
O-O O-O 15. Rfc1 Rfc8 16. a3 Bd8 17. Qf2 g6 18. Kh1 Nh5 19. g3 f5 20. f4
exf4 21. gxf4 fxe4 22. Bxe4 Nf6 23. Bf3 Ng4 24. Bxg4 Bxg4 25. Qg2 Bf5 26.
Ne4 Qa6 27. Ng3 Rxc1+ 28. Rxc1 Qd3 29. Nxf5 Qxf5 30. Rc4 Bf6 31. Bc1 Re8
32. h3 Re1+ 33. Kh2 Rxc1 0-1

[Event "30th ch-BAN"]
[Site "Dhaka BAN"]
[Date "2004.04.10"]
[Round "13"]
[White "Islam,AP"]
[Black "Reefat,S"]
[Result "1/2-1/2"]
[WhiteElo "2149"]
[BlackElo "2459"]
[EventDate "2004.03.28"]

1. Nf3 d5 2. b3 c6 3. Bb2 Bf5 4. g3 Nd7 5. Bg2 e6 6. d4 h6 7. Nbd2 Ngf6 8.
c4 Be7 9. O-O O-O 10. a3 a5 11. Re1 Ne4 12. Nxe4 Bxe4 13. Bh3 Bh7 14. Nd2
Nf6 15. Bg2 Qb6 16. c5 Qa7 17. b4 Rad8 18. h3 Ra8 19. Bc3 a4 20. Bb2 Rfd8
21. Rc1 Qb8 22. e3 Qc8 23. Qe2 Qd7 24. Kh2 Qc7 25. Nf1 Nd7 26. Nd2 f5 27.
f4 Bg6 28. Nb1 b6 29. cxb6 Nxb6 30. b5 Be8 31. Nd2 Qb7 32. bxc6 Bxc6 33. g4
Rab8 34. Rc2 Nd7 35. Bf1 Bb5 36. Qg2 Nf6 37. gxf5 exf5 38. Qg6 Bxf1 39.
Rxf1 Qd7 40. Rg1 Ne8 41. Nf3 Bf6 42. Ne5 Qe6 43. Bc1 Rdc8 44. Rcg2 Rb1 45.
Bd2 Rxg1 46. Kxg1 Rc2 47. Bb4 Rxg2+ 48. Kxg2 Nc7 49. Kf3 Bxe5 50. Qxe6+
Nxe6 51. dxe5 Kf7 52. Bc3 Kg6 53. Bd4 Kh5 54. Kg3 g5 55. Bb6 Kg6 56. Kf3
Kh5 57. Kg3 gxf4+ 58. exf4 d4 59. Ba7 d3 60. Be3 Nd4 61. Kf2 Nb3 62. Ke1
Kg6 63. Kd1 Kf7 64. Bf2 Ke6 65. Bh4 Kd5 66. Bf2 Ke6 67. Bb6 Kd5 68. Bf2 h5
69. Bb6 1/2-1/2

[Event "30th ch-BAN"]
[Site "Dhaka BAN"]
[Date "2004.04.10"]
[Round "13"]
[White "Ahmed,SN"]
[Black "Alam,MdM"]
[Result "1-0"]
[WhiteElo "2280"]
[BlackElo "2182"]
[EventDate "2004.03.28"]

1. e4 e6 2. d4 d5 3. Nc3 Bb4 4. e5 Qd7 5. Bd2 b6 6. Bb5 c6 7. Ba4 Ba6 8. a3
Bf8 9. Nce2 Ne7 10. Nf3 Ng6 11. c3 Qc7 12. Bc2 Nd7 13. h4 Be7 14. h5 Ngf8
15. h6 g6 16. Rh3 Rg8 17. Bg5 f6 18. exf6 Bxf6 19. Qd2 Qd6 20. O-O-O O-O-O
21. Re1 Re8 22. Nf4 Bxg5 23. Nxg5 e5 24. Nf7 Qf6 25. Nxe5 Nxe5 26. dxe5
Rxe5 27. Rxe5 Qxe5 28. Re3 Qd6 29. Re8+ Kd7 30. Qe3 Bc8 31. g3 Kc7 32. Re7+
Bd7 33. Rg7 Rh8 34. Qe8 g5 35. Bf5 gxf4 36. g4 f3 37. Kb1 Qxh6 38. Qe5+ Qd6
39. Rxd7+ Nxd7 40. Qxh8 h6 41. Qa8 Qe7 42. Qxa7+ Kd6 43. Qxd7+ Qxd7 44.
Bxd7 Kxd7 45. Kc2 Kd6 46. Kd3 Kc5 47. a4 Kd6 48. Ke3 Ke5 49. b4 Kd6 50.
Kxf3 c5 51. Ke3 d4+ 52. cxd4 cxb4 53. Kd3 Kd5 54. f4 1-0

[Event "30th ch-BAN"]
[Site "Dhaka BAN"]
[Date "2004.04.10"]
[Round "13"]
[White "Chatterjee,D"]
[Black "Uddin,S"]
[Result "1-0"]
[WhiteElo "2175"]
[BlackElo "2254"]
[EventDate "2004.03.28"]

1. d4 Nf6 2. c4 e6 3. Nc3 Bb4 4. e3 O-O 5. Nge2 d5 6. a3 Bd6 7. c5 Be7 8.
b4 c6 9. f4 Nbd7 10. g3 Ne8 11. Bg2 f5 12. O-O Ndf6 13. Bd2 Bd7 14. Nc1 Ne4
15. Nxe4 dxe4 16. Re1 Nf6 17. Bf1 Be8 18. Bc4 Nd5 19. Ne2 Bh5 20. Qb3 Kh8
21. Nc3 g5 22. fxg5 Bxg5 23. Nxd5 cxd5 24. Be2 Bg4 25. Qd1 h5 26. Kg2 Qf6
27. h3 Bxe2 28. Qxe2 Qg6 29. Kh1 Bd8 30. Rg1 Bc7 31. Rg2 Rf7 32. Qf2 Rg8
33. Rag1 Qh7 34. Be1 Rfg7 35. Qe2 Rg5 36. b5 Qd7 37. a4 Bb8 38. Qf1 Kh7 39.
g4 fxg4 40. hxg4 hxg4 41. Bg3 Bxg3 42. Rxg3 Rf5 43. Qh3+ 1-0